00896nam a2200217 i 4500001000300000100002100003245010000024260004600124300003400170490007900204500009800283504001400381650002900395650002000424830005700444040000800501041001300509080001700522008004100539856009800580bg1 aKERNTOPF, Paweł10aFunction-driven generalizations of decision diagrams and their applications /cPaweł Kerntopf. aWarszawa :bOficyna Wydawnicza PW,c2005. a108, [1] s. :brys. ;c24 cm.1 aPrace Naukowe. Elektronika / Politechnika Warszawska,x0137-2343 ;vz. 151 aOpis wg okł. - Tyt. nagł. serii: Prace Naukowe Politechniki Warszawskiej. - Streszcz., pol. aBibliogr. 9aUkłady logicznexteoria 9aDecyzjexteoria 0aPrace Naukowe. Elektronika (Politechnika Warszawska) cBPK0 aengbpol a004.31:519.8 s pl f |000 0 pol  uhttp://koha.tu.koszalin.pl/cgi-bin/koha/opac-detail.pl?biblionumber=51562yKatalog online BPK